000 00644nam a22001937a 4500
005 2010081300000.0
010 _aENG-100344
020 _a9788170630290
_c100.00
035 _aEN-83876
037 _bDBAD/PUB
082 _a881
100 _aSharma, Kedar Nath
_912909
245 _aSong of life :
_ba miscellany of poems /
_cby Kedar Nath Sharma
260 _aNew Delhi
_bArya Book Depot
_c2009
270 _a30, Naiwala, Karol Bagh
_bNew Delhi
_e110005
300 _a112p.
_c22cm (Hb)
942 _2ddc
_cEN
_h881
_mSHA
999 _c41727
_d41727